Toutes les îles de Zelda The Wind Waker - Statistiques

Statistiques générales
  • Ce quiz a été pris 10 fois
  • Le résultat moyen est 10 sur 36
Statistiques - réponses
Iles de Wind Waker % Correct
Ile de l'Aurore
90%
Ile du Dragon
60%
Ile aux Forêts
40%
Ile de la Face Cinq
40%
Ile de la Face Deux
40%
Ile de la Face Quatre
40%
Ile de la Face Six
40%
Ile de la Face Trois
40%
Ile de la Face Une
40%
Ile de la Terre
40%
Ile du Vent
40%
Ile de la Bombe
30%
Ile du Croissant
30%
Ile du Losange
30%
Ile Géminée
30%
Ile aux Nichoirs
20%
Ile aux Trois Tours
20%
Ile du Poisson
20%
Ile du Requin
20%
Ile Gelée
20%
Ile Triangulaire de l'Est
20%
Ile Triangulaire du Nord
20%
Ile Triangulaire du Sud
20%
Ilot Méridional des Fées
20%
Ilot Occidental des Fées
20%
Ilot Oriental des Fées
20%
Ilot Septentrional des Fées
20%
Ile de la Rocaille
10%
Ile de la Tete de Pierre
10%
Ile de Qui-Ca
10%
Ile des Binocles
10%
Ile de Tingle
10%
Ile du Fer à Cheval
10%
Ile Etoilée
10%
Ilot Epineux des Fées
10%
Ilots Kif-Kif
10%
Aucun quiz correspondant
Distribution des résultats
% des personnes avec chaque résultat
Percentile par nombre de réponses
Votre historique - résultats
Vous n’avez pas pris ce quiz